00603nam a2200181Ia 4500952012800000999001700128003000400145005001700149008004100166040000900207082001900216100003200235245004300267260004400310300000900354650001400363942004400377 00102ddc40708LITaMESbMEScMALd2019-02-20g90.00l0o894.812 KAR/Ap29073r2019-02-20 00:00:00w2019-02-20yBKzGR1R2 c28437d28437OSt20201216151146.0190216s9999||||xx |||||||||||||| ||und|| coclc a894.812bKAR/A aKarthikeyan, Shornur 97265 0aAasayacharutha /cShornur Karthikeyan  bPoorna Publication,a Kozhikode:c2004. a175p aPrabandam cBK2ddch894.812iKAR/Ak894.812mKAR/A